KOHA-Header-6

The Judgment that Could not be Deliverd (Record no. 9131)

000 -LEADER
fixed length control field 00282nam a2200109Ia 4500
100 ## - MAIN ENTRY--AUTHOR NAME
Personal name Dr.Tanzilur Rehman
245 #4 - TITLE STATEMENT
Title The Judgment that Could not be Deliverd
260 ## - PUBLICATION, DISTRIBUTION, ETC. (IMPRINT)
Place of publication Karachi
Name of publisher Royal Book
Year of publication 2000
300 ## - PHYSICAL DESCRIPTION
Number of Pages 646
942 ## - ADDED ENTRY ELEMENTS (KOHA)
Koha item type Books
Holdings
Withdrawn status Lost status Permanent Location Current Location Shelving location Date acquired Full call number Accession Number Koha item type
    MAJU MAJU Shelf No.A14 2019-09-14 658.848 4496 Books

Powered by Koha